[Event "FRA-ch U12"]
[Site "Saint Paul Trois Chateaux"]
[Date "2013.04.29"]
[Round "2"]
[White "Bassal, Samuel"]
[Black "Sahki, Saphir"]
[Result "0-1"]
[WhiteElo "1528"]
[BlackElo "1685"]
[PlyCount "96"]
[EventDate "2013.04.28"]
[EventType "swiss"]
[EventRounds "9"]
[EventCountry "FRA"]
[SourceTitle "CBM 154 Extra"]
[Source "ChessBase"]
[SourceDate "2013.06.25"]
[SourceVersion "2"]
[SourceVersionDate "2013.06.25"]
[SourceQuality "1"]

1. e4 e5 2. Nf3 Nc6 3. Bb5 d6 4. 0-0 Nf6 5. Re1 Bd7 6. c3 Be7 7. d4 exd4 8. cxd4 a6 9. Ba4 b5 10. Bb3 Bg4 11. Re3 0-0 12. Rd3 d5 13. e5 Ne4 14. Nc3 Nb4 15. Re3 Bg5 16. Re1 Nxc3 17. bxc3 Bxc1 18. Rxc1 Nc6 19. Bc2 Re8 20. Qd3 g6 21. h3 Be6 22. Qe3 Ne7 23. Qh6 Nf5 24. Bxf5 Bxf5 25. Ng5 Be6 26. Qxh7+ Kf8 27. Nxe6+ Rxe6 28. Qh8+ Ke7 29. Qxd8+ Rxd8 30. Ra1 Rc6 31. Rec1 Rc4 32. Kf1 Rc8 33. Ke2 c5 34. dxc5 R8xc5 35. Kd2 Ke6 36. g3 Kxe5 37. Re1+ Kd6 38. Rac1 Ra4 39. Rc2 b4 40. Re3 Ra3 41. f4 d4 42. Rd3 bxc3+ 43. Kd1 Rc4 44. g4 Rca4 45. h4 Rb4 46. Kc1 Kd5 47. h5 Ke4 48. Rd1 d3 0-1